Fachkunde für Schweisse. Band 2 /

Salvato in:
Dettagli Bibliografici
Autore principale: Endter, Hans (Autore)
Natura: Libro
Lingua:tedesco
Pubblicazione: Berlin : VEB Verlag Technik, 1972
Tags: Aggiungi Tag
Nessun Tag, puoi essere il primo ad aggiungerne!!

MARC

LEADER 00000nam a22000003a 4500
001 stu35949
005 20150617225731.6
008 920518s1972----gw------------------ger-d
040 |a STU  |b slo 
041 0 |a ger 
044 |a gw 
100 1 |a Endter, Hans  |4 aut 
245 1 |a Fachkunde für Schweisse. Band 2 /  |c [aut.]Hans Endter 
260 |a Berlin :  |b VEB Verlag Technik,  |c 1972 
300 |a 384 s 
996 |b 284M012604  |c M*5773/2-1  |l MMKN  |s A  |a 24  |w stu35949_0001